Digitálne účtovníctvo

Digitalizácia štátnej správy a vedenie účtovníctva. Nakladanie s dokladmi v malých a stredných firmách. Zhromažďovanie dokladov externého účtovníka. Vzdialený prístup účtovného systému v cloude.

Na minha lista:
Detalhes bibliográficos
Autor principal: Serinová, Katarína
Formato: Capítulo de Livro
Idioma:eslovaco
Assuntos:
Tags: Adicionar Tag
Sem tags, seja o primeiro a adicionar uma tag!

MARC

LEADER 00000naa a2200000 4500
001 0279334
005 20211029131900.8
041 0 |a slo 
044 |a SK 
245 1 0 |a Digitálne účtovníctvo  |c Katarína Serinová 
520 |a Digitalizácia štátnej správy a vedenie účtovníctva. Nakladanie s dokladmi v malých a stredných firmách. Zhromažďovanie dokladov externého účtovníka. Vzdialený prístup účtovného systému v cloude. 
610 2 0 |a digitalizácia 
610 2 0 |a účtovníctvo 
610 2 0 |a účtovníci 
610 2 0 |a podnik malý 
610 2 0 |a podnik stredný 
100 1 |a Serinová, Katarína